Science Fiction Movies by Picture - Statistics

General Stats
  • This quiz has been taken 711 times
    94 since last reset
  • The average score is 15 of 24
Answer Stats
Picture Answer % Correct
E.T. the Extra-Terrestrial
98%
The Terminator
96%
Interstellar
94%
Jurassic Park
93%
Back to the Future
89%
Alien
88%
Avatar
87%
The Matrix
76%
Inception
74%
2001: A Space Odyssey
68%
Blade Runner
66%
Arrival
58%
Dune
56%
Minority Report
55%
The Fly
53%
The Running Man
53%
Total Recall
52%
Starship Troopers
48%
Flash Gordon
44%
A.I. Artificial Intelligence
42%
Close Encounters of the Third Kind
41%
The Fifth Element
41%
The Hitchhiker's Guide to the Galaxy
36%
The Abyss
33%
No matching quizzes found
Score Distribution
Percent of People with Each Score
Percentile by Number Answered
Your Score History
You have not taken this quiz since the last reset